000 00537nam a2200181Ia 4500
001 2372
005 20260306144802.0
008 260306t2005||||xx |||||||||||||| ||spa||
041 _aESP
082 _a616.89
_bC12B
100 _aCaballo, Vicente E.
_eAUT
245 0 _aManual para la evaluación clínica de los trastornos psicológios:
_bestrategia de evaluación, problemas infantiles y trastornos de ansiedad
260 _c2005
300 _a570 páginas :
_c24 cm.
650 _aGEN
654 _aCPS
942 _cLIB
_dJUS
_fJUS
_2ddc
_n
999 _c2372
_d2372